01061 2200337 4500001002100000005001500021035002000036007000300056008004100059020002200100082001700122084001900139100003000158245012600188250002600314300002900340650003400369700003100403264002800434336002100462337003000483338002300513040002200536090002200558850001200580999002200592500003600614041001300650546003800663990002200701INLIS00000000089313920250207110413 a0010-0225000221ta250206s2025 yoi g 1 ind d a978-623-7586-24-104223a899.2213 a899.2213 CAR a1 aCarroll, LewisePengarang10aAlice in wonderland :bpetualangan di negeri ajaib dan dunia di balik cermin /cLewis Carroll; penyunting, Nina Artanti R aCetakan Pertama, 2025 aiv, 304 halaman ;c19 cm 4aFiksi Indonesia--vTerjemahan0 aNina Artanti RePenyunting31aSleman :bNarasi,c2025 2rdacontentateks 2rdamediaatanpa perantara 2rdacarrieravolume aYOPDYOGbinderda aCB-D.11 2025-0035 aYOPDYOG aCB-D.11/2025-0035 aJudul asli: Alice in wonderland aindheng aDiterjemahkan dari Bahasa Inggris aCB-D.11/2025-0035